1705 1394 1061 1623 1183 1069 1949 1269 1332 1309 1562 1968 1959 1577 1375 1756 1353 1947 1163 1302 1089 1202 1308 1314 1811 1249 1372 1886 1647 1498 1877 1101 1404 1645 1618 1915 1318 1745 1588 1266 1682 1772 1733 1385 1119 1400 1136 1226 1550 1107 1818 1875 1138 1762 1678 1124 1543 1414 1553 1655 1683 1670 1558 1359 1767 1276 1489 1720 1771 1353 1508 1809 1374 1327 1022 1600 1037 1524 1165 1703 1350 1516 1129 1466 1716 1348 1296 1275 1379 1597 1585 1107 1467 1217 1514 1564 1900 1703 1315 BCNSPRNW ULIB Ver.6.0+V

เปลี่ยนเป็นภาษาไทย

Change to English
 แสดงรายละเอียดบรรณานุกรม
  กลับหน้าหลัก

Brief Record : Get Marc (ISO 2709) : E-mail record : QR code < ปิดหน้าต่าง
LEADER : 00000nam 2200000uu 4500
001    13399127278
003     ULIB
008    200317s2562||||th 000 0 tha d
020    ^a9786168212172
060 04 ^aWY159^bช221ก
100 0  ^aชลดา จันทร์ขาว
245 10 ^aการพยาบาลทารกแรกเกิด /^cชลดา จันทร์ขาว
250    ^aพิมพ์ครั้งที่ 3
260    ^aกรุงเทพฯ :^bภาควิชาการพยาบาลเด็กและการผดุงครรภ์วิทยาลัยพยาบาลสภากาชาดไทย,^c2562
300    ^aก-ซ, 158 หน้า :^bภาพประกอบ ;^c27 ซม.
650  4 ^aการพยาบาลกุมารเวชศาสตร์
650  4 ^aทารกแรกเกิด
710 2  ^aวิทยาลัยพยาบาลสภากาชาดไทย.^bภาควิชาการพยาบาลเด็กและการผดุงครรภ์
945    ^p260^l0^i28012
945    ^p260^l0^i28013
945    ^p260^l0^i28014
945    ^p260^l0^i28015
945    ^p260^l0^i28016
995    ^aกัณชพร
999    ^aกัณชพร จุลอักษร
รายการนี้ยังไม่มีแท็ก
คุณยังไม่ได้ล็อกอิน คุณสามารถมีกิจกรรมร่วมกับเว็บไซต์ได้ แต่ต้องล็อกอินก่อน ::
  ล็อกอิน

รายการสื่อสารสนเทศ

ลำดับที่ ประเภท เลขเรียก/บาร์โค้ด สถานที่ สถานะ
1. หนังสือสำรอง
หนังสือสำรอง
WY159 ช221ก ฉ.1 
  Barcode: 28012
ห้องสมุดวิทยาเขตนครสวรรค์
►หนังสือทั่วไป:l:General Books
ถูกยืม กำหนดส่งวันที่ 15 พฤษภาคม 2569
  จอง
2. วิทยาศาสตร์การแพทย์ และสุขภาพ
วิทยาศาสตร์การแพทย์ และสุขภาพ
WY159 ช221ก ฉ.2 
  Barcode: 28013
ห้องสมุดวิทยาเขตนครสวรรค์
►หนังสือทั่วไป:l:General Books
บนชั้น
3. วิทยาศาสตร์การแพทย์ และสุขภาพ
วิทยาศาสตร์การแพทย์ และสุขภาพ
WY159 ช221ก ฉ.3 
  Barcode: 28014
ห้องสมุดวิทยาเขตนครสวรรค์
►หนังสือทั่วไป:l:General Books
ถูกยืม กำหนดส่งวันที่ 1 มีนาคม 2569
  จอง
4. วิทยาศาสตร์การแพทย์ และสุขภาพ
วิทยาศาสตร์การแพทย์ และสุขภาพ
WY159 ช221ก ฉ.4 
  Barcode: 28015
ห้องสมุดวิทยาเขตนครสวรรค์
►หนังสือทั่วไป:l:General Books
บนชั้น
5. วิทยาศาสตร์การแพทย์ และสุขภาพ
วิทยาศาสตร์การแพทย์ และสุขภาพ
WY159 ช221ก ฉ.5 
  Barcode: 28016
ห้องสมุดวิทยาเขตนครสวรรค์
►หนังสือทั่วไป:l:General Books
บนชั้น

รายการใกล้เคียง
    ผู้แต่ง [ชลดา จันทร์ขาว]

    หัวเรื่อง [การพยาบาลกุมารเวชศาสตร์]
    หัวเรื่อง [ทารกแรกเกิด]

BibComment


ยังไม่เคยถูกคอมเมนท์

คอมเมนท์ทรัพยากรรายการนี้
  คอมเมนท์: การพยาบาลทารกแรก..


 Copyright 2026. Bcnsprnw @Library